000 00538nam a2200217Ia 4500
005 20250425162424.0
008 250425s9999 xx 000 0 und d
020 _a9701049918
041 _aspa
082 _a658
100 _aCHIAVENATO, IDALBERTO... (et. al.)
245 0 _aADMINISTRACION APLICADA A EMPRESAS AGROPECUARIAS
250 _a1A ED.
260 _aMEXICO
260 _aMéxico
_bMCGRAW-HILL
_c2005
300 _a341
650 _aADMINISTRACION
650 _aEMPRESAS AGRICOLAS
942 _c01
010 _a72518
999 _c228879
_d228879